000 00347nam a2200145Ia 4500
008 240624s9999 xx 000 0 und d
041 _aeng
082 _a174.4 DEG
100 _aDEGEORGE RICHARD T
245 _aBUSINESS ETHICS
250 _a(7th ed.)
260 _c2015
_aNew Delhi
_bPearson
300 _a550 : p. : cm. ; 26
365 _cRS
_b33
999 _c24519
_d24519